000 00840nam a2200253Ia 4500
001 21793
005 20260320113313.0
008 260320s9999||||xx |||||||||||||| ||und||
020 _a9786139406135
041 _aESP
082 _a629.892
_bG81
100 _aGrijalva, Valeria,
_eAUT
245 0 _aAutomatización robótica de procesos :
_btransforma el futuro del trabajo
246 _a
_5
_b
260 _aChisinau :
_bEditorial Académica Española,
_c2024
300 _a75 páginas :
_b
_c22 cm.
_e
440 _a
_n
_v
650 _aTCA
653 _aRobótica; Automatización;Tecnología; Ciberseguridad
654 _aCII
700 _aChamorro, Manuel; Mendoza, Carlos
_cAUTS
856 _uhttps://ebooks7-24-com.ucsp.lookproxy.com/stage.aspx?il=&pg=&ed=
_zVéase además: Base de datos Ebook7-24
942 _cLIB
_dJUS
_fMAT
_2ddc
_n
999 _c21793
_d21793